000 00538nam a2200181Ia 4500
005 20250508150559.0
008 008 250505s9999 xx 000 0 eng d
037 _aTextual
040 _aFEDL
_beng
_cFEDL
041 _aeng
_2eng
084 _a901, HEN
_qFEDL
100 _aHendel Charles W
_978241
245 0 _aCivilization and religion: An argument about values in human life
260 _aNew Haven, U K
_bYale University Press
_c1948
300 _aviii,75p.
942 _cTEXL
_h901, HEN
999 _c1324381
_d1324381